000 00316nam a2200145Ia 4500
100 _aISTE-CIICP Monography Seriesc
650 _aEnglish
942 _cBK
654 _aWritten Communication Skill
245 _aWritten Communication Skill
260 _bISTE
300 _a60
546 _aENGLISH
999 _c28596
_d28596